| 000 | 01310cam a22001694a 4500 | ||
|---|---|---|---|
| 005 | 20250605163649.0 | ||
| 008 | 250528s ||||||||||||||||||||||||d | ||
| 035 | _a23844 | ||
| 040 |
_aGR-AtMCL _bgre _dGR-AtMCL _eAACR2 |
||
| 245 | 1 | _aΠαράθυρο / Στην Εκπαίδευση του Παιδιού | |
| 260 |
_bΩρίων, _c2012 |
||
| 300 | _a124 | ||
| 520 | _aΚαλημέρα, Το Καλοκαίρι δεν θα Έρθει Ποτέ Ξανά, Τα Παιδιά του Φθινοπώρου, Γιατί Χάθηκε το Φθινόπωρο;, Μια Ιστορία Ένα Τραγούδι - Πινόκιο, Διόνυσος Οι Φίλοι, Νέα Εποχή και Νέοι Φίλοι, Ναυαγοσώστης με Μπρατσάκι, Έκτακτο Παράρτημα: Πόλεμος, Η Φιλία, Η Φιλία στο Περιβόλι των Λαών, Azur και Asma: Μία Ταινία για τη Δύναμη της Φιλίας, Παιδικές Φιλίες, Μάθε Παιδί μου Γράμματα, Το Δεκαδικό Σύστημα Αρίθμησησς και η Αξία Θέσης Ψηφίου και το Καραμελόχρωμα κι Ένα Παιχνίδι μέχρι το 100, Comic (ο) Παιχνίδια. | ||
| 942 | _cCR | ||
| 999 |
_c8770 _d8770 |
||